000 00285nam a2200121Ia 4500
008 190216s9999||||xx |||||||||||||| ||und||
100 _aPala Narayanan Nair
245 0 _aKeralam Valarunnu
260 _bNational Book Stall
_c1958
300 _a79p
650 _aKavithkal
942 _cBK
999 _c24103
_d24103